ARRUPE JESUIT UNIVERSITY

CORONAVIRUS -STOP THE SPREAD - CLEAN,DISINFECT,COVER

The rediscovery of Newman: (Record no. 125650)

MARC details
000 -LEADER
fixed length control field 00961cam a2200301 4500
001 - CONTROL NUMBER
control field 2178252
003 - CONTROL NUMBER IDENTIFIER
control field ARRUPE
005 - DATE AND TIME OF LATEST TRANSACTION
control field 20161102115554.0
008 - FIXED-LENGTH DATA ELEMENTS--GENERAL INFORMATION
fixed length control field 680301s1967 enk b 100 0beng
010 ## - LIBRARY OF CONGRESS CONTROL NUMBER
LC control number 68084451
015 ## - NATIONAL BIBLIOGRAPHY NUMBER
National bibliography number B67-25747
020 ## - INTERNATIONAL STANDARD BOOK NUMBER
International Standard Book Number 0722005105 (Sheed & Ward)
020 ## - INTERNATIONAL STANDARD BOOK NUMBER
International Standard Book Number 0281022003 (S.P.C.K.)
040 ## - CATALOGING SOURCE
Original cataloging agency DLC
Transcribing agency DLC
Modifying agency DLC
050 00 - LIBRARY OF CONGRESS CALL NUMBER
Classification number BX1750.N44
082 00 - DEWEY DECIMAL CLASSIFICATION NUMBER
Classification number 262/.135/0924
300 ## - PHYSICAL DESCRIPTION
Dimensions 23 cm.
111 2# - MAIN ENTRY--MEETING NAME
Date of meeting
9 (RLIN) 27220
245 14 - TITLE STATEMENT
Title The rediscovery of Newman:
Remainder of title an Oxford symposium,
Statement of responsibility, etc /edited by John Coulson and A. M. Allchin.
260 ## - PUBLICATION, DISTRIBUTION, ETC. (IMPRINT)
Place of publication, distribution, etc London,
Name of publisher, distributor, etc Sheed & Ward;
Date of publication, distribution, etc 1967.
300 ## - PHYSICAL DESCRIPTION
Extent xxi, 250 p.
504 ## - BIBLIOGRAPHY, ETC. NOTE
Bibliography, etc Bibliographical footnotes.
600 10 - SUBJECT ADDED ENTRY--PERSONAL NAME
Personal name Newman, John Henry,
Form subdivision Congresses.
9 (RLIN) 27221
700 1# - ADDED ENTRY--PERSONAL NAME
Personal name Coulson, John,
Dates associated with a name 1919-1993,
Relator term ed.
9 (RLIN) 27222
700 1# - ADDED ENTRY--PERSONAL NAME
Personal name Allchin, A. M.,
Relator term ed.
9 (RLIN) 7125
710 2# - ADDED ENTRY--CORPORATE NAME
Corporate name or jurisdiction name as entry element Oriel College (University of Oxford)
9 (RLIN) 27223
906 ## - LOCAL DATA ELEMENT F, LDF (RLIN)
a 7
b cbc
c orignew
d u
e ncip
f 19
g y-gencatlg
942 ## - ADDED ENTRY ELEMENTS (KOHA)
Source of classification or shelving scheme Library of Congress Classification
Koha item type Monograph ( Printed materials)
Holdings
Withdrawn status Lost status Source of classification or shelving scheme Damaged status Not for loan Collection code Home library Current library Shelving location Date acquired Total Checkouts Full call number Barcode Date last seen Price effective from Koha item type
    Library of Congress Classification     Main Collection ARRUPE LIBRARY ARRUPE LIBRARY Main Collection 02/11/2016   BX1750.N44 46500010034 22/11/2017 02/11/2016 Monograph ( Printed materials)

 

Arrupe Library. PO Box MP320 Mt Pleasant, Harare, Zimbabwe
263 242 745411|librarian@aju.ac.zw